MARC

LEADER 00000nam0a2200000 4500
001 133356
005 20231031135310.0
035 |a (RuTPU)RU\TPU\book\144516 
090 |a 133356 
100 |a 20080314d1968 k y0rusy50 ca 
101 0 |a rus 
102 |a RU 
105 |a a z 001zy 
200 1 |a Электронные устройства на электростатических ускорителях  |f В. Г. Бровченко, П. Е. Воротников, Ю. Д. Молчанов 
210 |a Москва  |c Атомиздат  |d 1968 
215 |a 336 с.  |c ил. 
320 |a Библиогр.: с. 326-336. 
610 1 |a электронные устройства 
610 1 |a электростатические ускорители 
610 1 |a заряженные частицы 
610 1 |a электроника 
610 1 |a электронные приборы 
610 1 |a малошумящие усилители 
610 1 |a схемы 
610 1 |a электрические помехи 
610 1 |a высоковольтное напряжение 
675 |a 621.384.65  |v 3 
675 |a 539.1.076.6  |v 3 
700 1 |a Бровченко  |b В. Г.  |g Владимир Григорьевич 
701 1 |a Воротников  |b П. Е.  |g Платон Евгеньевич 
701 1 |a Молчанов  |b Ю. Д.  |g Юрий Дмитриевич 
801 1 |a RU  |b 63413507  |c 20080314  |g PSBO 
801 2 |a RU  |b 63413507  |c 20221214  |g PSBO 
942 |c BK